[Event "59th ch-RUS w"]
[Site "Moscow RUS"]
[Date "2009.12.24"]
[Round "5"]
[White "Galliamova, A."]
[Black "Romanko, M."]
[Result "1-0"]
[WhiteElo "2460"]
[BlackElo "2449"]
[PlyCount "75"]
[EventDate "2009.12.20"]

1. d4 Nf6 2. c4 g6 3. Nc3 Bg7 4. e4 d6 5. g3 O-O 6. Bg2 Nc6 7. Nge2 e5 8. d5
Nd4 9. O-O c5 10. dxc6 Nxe2+ 11. Qxe2 bxc6 12. Rd1 Bg4 13. Bf3 Bxf3 14. Qxf3
Qe7 15. b4 Qe6 16. Qe2 h5 17. b5 Rac8 18. Bb2 Rfd8 19. Rac1 Bh6 20. Rc2 h4 21.
bxc6 Rxc6 22. Nd5 Bg7 23. Rd3 hxg3 24. hxg3 Rd7 25. Kg2 Rb7 26. Ba3 Ra6 27.
Rcc3 Nh7 28. Rb3 Rxb3 29. Rxb3 Ng5 30. g4 Qd7 31. f3 Ne6 32. c5 Rc6 33. cxd6
Nd4 34. Rb8+ Kh7 35. Qf1 Rc2+ 36. Kh1 Qe6 37. Qh3+ Bh6 38. Rh8+ 1-0

[Event "59th ch-RUS w"]
[Site "Moscow RUS"]
[Date "2009.12.24"]
[Round "5"]
[White "Kosintseva, N."]
[Black "Manakova, M."]
[Result "1/2-1/2"]
[WhiteElo "2518"]
[BlackElo "2344"]
[PlyCount "138"]
[EventDate "2009.12.20"]

1. e4 c5 2. Nf3 Nc6 3. d4 cxd4 4. Nxd4 e5 5. Nb5 d6 6. N1c3 a6 7. Na3 Be6 8.
Nc4 Rc8 9. Ne3 Nd4 10. Bd3 Be7 11. Ncd5 Bg5 12. O-O Ne7 13. Nxe7 Qxe7 14. c3
Nc6 15. Nd5 Qd8 16. Qb3 Bxc1 17. Raxc1 Na5 18. Qa3 f5 19. c4 O-O 20. exf5 Bxf5
21. Bxf5 Rxf5 22. c5 Rxc5 23. Rxc5 dxc5 24. Qxc5 Nc6 25. Rd1 Rf7 26. Nc3 Rd7
27. Qc4+ Kf8 28. Re1 Rd2 29. Re3 g6 30. Rf3+ Kg7 31. h4 Rd7 32. h5 Nd4 33. Re3
Qh4 34. Qc5 Qxh5 35. Qxe5+ Qxe5 36. Rxe5 Nc6 37. Re2 Nd4 38. Re8 Nc6 39. Ne4
Rd1+ 40. Kh2 Re1 41. a3 Re2 42. b4 Nd4 43. Kg3 g5 44. f3 Nf5+ 45. Kg4 Nd4 46.
Rd8 Ne6 47. Rd6 Kf7 48. g3 Re3 49. a4 h6 50. Rb6 Nd4 51. Rxh6 Nxf3 52. Nd6+ Kg8
53. Nf5 Ne5+ 54. Kxg5 Nf7+ 55. Kf4 Rb3 56. Rb6 a5 57. bxa5 Ra3 58. Rb4 Nd8 59.
Nd4 Kf7 60. g4 Ra1 61. Nf5 Ne6+ 62. Ke5 Re1+ 63. Kd5 Rd1+ 64. Kc4 Rc1+ 65. Kb5
Nc7+ 66. Kb6 Nd5+ 67. Kb5 Nc7+ 68. Kb6 Nd5+ 69. Kb5 Nc7+ 1/2-1/2

[Event "59th ch-RUS w"]
[Site "Moscow RUS"]
[Date "2009.12.24"]
[Round "5"]
[White "Gunina, V."]
[Black "Stepovaia, T."]
[Result "1-0"]
[WhiteElo "2446"]
[BlackElo "2384"]
[PlyCount "71"]
[EventDate "2009.12.20"]

1. d4 f5 2. c4 Nf6 3. Nc3 d6 4. Bg5 e6 5. Nf3 Be7 6. e3 O-O 7. Bd3 Nc6 8. Qb1
h6 9. Bh4 g5 10. Bg3 Nh5 11. d5 Nb4 12. Be2 Ng7 13. a3 Na6 14. h3 e5 15. Nd2
Nc5 16. b4 Nd7 17. Bh2 Nf6 18. O-O f4 19. exf4 gxf4 20. Bd3 Bd7 21. Kh1 Kh8 22.
Qc2 Qc8 23. Rae1 Rf7 24. Nf3 Nf5 25. g4 fxg3 26. fxg3 Ng7 27. g4 Nxg4 28. hxg4
Bxg4 29. Qg2 Qd7 30. Bxe5 Raf8 31. Nh2 dxe5 32. Rxf7 Rxf7 33. Qxg4 Qd6 34. Ne4
Qa6 35. d6 cxd6 36. Qg6 1-0

[Event "59th ch-RUS w"]
[Site "Moscow RUS"]
[Date "2009.12.26"]
[Round "6"]
[White "Zaiatz, E."]
[Black "Gunina, V."]
[Result "1-0"]
[WhiteElo "2390"]
[BlackElo "2446"]
[PlyCount "103"]
[EventDate "2009.12.20"]

1. d4 d5 2. c4 c6 3. Nf3 Nf6 4. Nc3 dxc4 5. a4 e6 6. e4 Bb4 7. e5 Nd5 8. Bd2 b5
9. axb5 Bxc3 10. bxc3 cxb5 11. Ng5 h6 12. Qh5 Qe7 13. Ne4 O-O 14. Bg5 f6 15.
exf6 Qf7 16. Qxf7+ Rxf7 17. Bd2 Nxf6 18. Nd6 Bd7 19. Nxf7 Kxf7 20. f3 a5 21.
Be2 Nd5 22. Kf2 Nc6 23. Rhb1 Rb8 24. Ra2 a4 25. Bd1 e5 26. dxe5 Bf5 27. Rba1
Nxe5 28. g4 Nd3+ 29. Kg3 Bd7 30. f4 Nc5 31. Bf3 Bc6 32. Re1 Nd3 33. Re4 b4 34.
Rxc4 b3 35. Rxc6 Ne7 36. Ra1 Nxc6 37. Bxc6 b2 38. Rb1 a3 39. Bd5+ Ke7 40. Ba2
Nc5 41. Kf3 Rd8 42. Ke2 Kf6 43. c4 Re8+ 44. Kd1 g5 45. fxg5+ hxg5 46. Bb4 Na4
47. Kc2 Re3 48. Rf1+ Kg6 49. Rf5 Nb6 50. Bd2 Re2 51. Rxg5+ Kf6 52. Rb5 1-0

[Event "59th ch-RUS w"]
[Site "Moscow RUS"]
[Date "2009.12.27"]
[Round "7"]
[White "Kosintseva, N."]
[Black "Romanko, M."]
[Result "1-0"]
[WhiteElo "2518"]
[BlackElo "2449"]
[PlyCount "155"]
[EventDate "2009.12.20"]

1. e4 c5 2. c3 e6 3. Nf3 d5 4. exd5 exd5 5. d4 Nc6 6. Bb5 Bd6 7. O-O Nge7 8.
dxc5 Bxc5 9. Nbd2 O-O 10. Nb3 Bd6 11. Bd3 Bf5 12. Nbd4 Bg6 13. Re1 a6 14. Bg5
Qd7 15. Qd2 Rfe8 16. Bh4 Qc7 17. Bg3 Bxg3 18. hxg3 Nxd4 19. Nxd4 Nc6 20. Nc2
Be4 21. Bf1 h5 22. Rad1 Rad8 23. Nd4 Nxd4 24. Qxd4 Re6 25. Be2 h4 26. gxh4 Bxg2
27. Kxg2 Rde8 28. Qxd5 Rxe2 29. Rxe2 Rxe2 30. Rd2 Rxd2 31. Qxd2 Qc4 32. Qd8+
Kh7 33. Qd4 Qe2 34. c4 g6 35. a3 Qe6 36. b4 Kg8 37. Kg3 Qc6 38. Qd8+ Kg7 39.
Qd4+ Kg8 40. f3 Qe6 41. Kf2 Qh3 42. Qf4 Qd7 43. c5 Qd8 44. Kg3 Qe7 45. Qe4 Qc7+
46. Kg2 Kh7 47. h5 Kh6 48. hxg6 fxg6 49. Qd4 Qf7 50. Kg3 g5 51. Qd6+ Kh5 52.
Qe5 Kh6 53. Qd4 Qe8 54. Qe4 Qf7 55. Qe5 Kg6 56. a4 Kh6 57. b5 axb5 58. axb5 Qc4
59. b6 Qh4+ 60. Kg2 Qb4 61. Qe6+ Kg7 62. Qe7+ Kh6 63. Qxb7 Qxc5 64. Qc7 Qe3 65.
Qd6+ Kh5 66. Qb4 Qe2+ 67. Kg3 Qe3 68. Qb1 Qf4+ 69. Kg2 Qd2+ 70. Kf1 g4 71. Qh7+
Kg5 72. Qg7+ Kf5 73. Qxg4+ Kf6 74. Qh4+ Kg7 75. Qe7+ Kh6 76. b7 Qd1+ 77. Kf2
Qc2+ 78. Qe2 1-0

[Event "59th ch-RUS w"]
[Site "Moscow RUS"]
[Date "2009.12.27"]
[Round "7"]
[White "Bodnaruk, A."]
[Black "Galliamova, A."]
[Result "0-1"]
[WhiteElo "2372"]
[BlackElo "2460"]
[PlyCount "144"]
[EventDate "2009.12.20"]

1. e4 c5 2. Nf3 d6 3. d4 cxd4 4. Nxd4 Nf6 5. Nc3 e6 6. Be3 Nc6 7. Qe2 a6 8.
O-O-O Qc7 9. g4 Nxd4 10. Rxd4 b5 11. g5 Nd7 12. f4 Rb8 13. Bg2 b4 14. Nd1 Nc5
15. Kb1 a5 16. Nf2 Be7 17. h4 O-O 18. Qe1 e5 19. Rd1 exf4 20. Bxc5 dxc5 21. e5
a4 22. Bd5 b3 23. Qc3 bxc2+ 24. Kxc2 Rb6 25. Kb1 Bf5+ 26. Be4 Be6 27. Nd3 a3
28. Qxa3 Rfb8 29. Rh2 c4 30. Qc3 Qc8 31. Nxf4 Bf5 32. Qd4 Bc5 33. Qd5 Ba3 34.
e6 Bxe6 35. Nxe6 Qxe6 36. Qxe6 fxe6 37. b3 cxb3 38. axb3 Rxb3+ 39. Ka2 Be7 40.
Ka1 Ra3+ 41. Ra2 Rh3 42. Rd7 Bb4 43. Rc2 Rxh4 44. Rc4 Rh5 45. Bb7 Bf8 46. Rg4
h6 47. Kb2 Rxg5 48. Rxg5 hxg5 49. Kc2 Kh7 50. Kd3 Kg6 51. Ke4 Kf6 52. Kf3 Bc5
53. Kg3 Bd6+ 54. Kg4 Be5 55. Kf3 Rh8 56. Bc6 Rh3+ 57. Ke2 g4 58. Bg2 Rg3 59.
Kf2 Rb3 60. Rd2 Kg5 61. Ra2 Bd4+ 62. Ke2 Kf4 63. Bc6 e5 64. Ra8 e4 65. Ra4 Re3+
66. Kf1 Rd3 67. Ra2 Rd1+ 68. Ke2 Rc1 69. Bd7 g3 70. Bh3 Rh1 71. Bg2 Rg1 72. Bh3
g2 0-1

[Event "59th ch-RUS w"]
[Site "Moscow RUS"]
[Date "2009.12.27"]
[Round "7"]
[White "Stepovaia, T."]
[Black "Zaiatz, E."]
[Result "0-1"]
[WhiteElo "2384"]
[BlackElo "2390"]
[PlyCount "112"]
[EventDate "2009.12.20"]

1. e4 e5 2. Nf3 Nc6 3. Bb5 Nf6 4. Qe2 d6 5. c3 Bd7 6. d4 Qe7 7. dxe5 dxe5 8.
Nbd2 a6 9. Ba4 b5 10. Bc2 Nh5 11. g3 g6 12. Nf1 Bg7 13. Ne3 O-O 14. Nd5 Qd8 15.
Be3 Re8 16. O-O-O Qc8 17. h3 Ne7 18. Nxe7+ Rxe7 19. Bc5 Re8 20. Kb1 Be6 21. Ng5
Bc4 22. Qd2 h6 23. Nf3 Qb7 24. Be3 Kh7 25. Nh2 Nf6 26. f3 Rac8 27. Ng4 Ng8 28.
h4 h5 29. Nf2 c5 30. g4 Nf6 31. Nh3 b4 32. Ng5+ Kg8 33. b3 bxc3 34. Qxc3 Bb5
35. gxh5 Nxh5 36. Rhg1 c4 37. b4 Bf8 38. Ka1 Red8 39. a3 Rd3 40. Bxd3 cxd3 41.
Qb3 Bc4 42. Qb2 Qb5 43. Bd2 Nf4 44. h5 Ne2 45. hxg6 fxg6 46. Nh3 Bf7 47. Rc1
Qd7 48. Rxc8 Qxc8 49. Rg4 Nd4 50. Ng5 Nc2+ 51. Kb1 Nxa3+ 52. Qxa3 Qc2+ 53. Ka1
Qxd2 54. Nxf7 Bxb4 55. Rxg6+ Kf8 56. Qxb4+ Qxb4 0-1

[Event "59th ch-RUS w"]
[Site "Moscow RUS"]
[Date "2009.12.28"]
[Round "8"]
[White "Romanko, M."]
[Black "Zaiatz, E."]
[Result "1-0"]
[WhiteElo "2449"]
[BlackElo "2390"]
[PlyCount "159"]
[EventDate "2009.12.20"]

1. e4 e5 2. Nf3 Nc6 3. Nc3 Nf6 4. g3 d5 5. exd5 Nd4 6. Bg2 Bg4 7. h3 Bxf3 8.
Bxf3 Nxf3+ 9. Qxf3 Bb4 10. O-O O-O 11. d3 Qd7 12. a3 Bxc3 13. bxc3 Nxd5 14. c4
Nf6 15. Bg5 Qxh3 16. Bxf6 gxf6 17. Rae1 Qe6 18. Kg2 Qc6 19. Re4 Rfd8 20. Rb1
Rab8 21. c3 Kf8 22. Rh1 Rxd3 23. Qxd3 f5 24. Rxh7 Ke7 25. Rh5 Rd8 26. Qf3 Qxe4
27. Qxe4 fxe4 28. Rxe5+ Kf6 29. Rxe4 Rd3 30. Re3 Rd2 31. Re8 Ra2 32. Rb8 b6 33.
Rb7 Rxa3 34. Rxc7 Rxc3 35. Rxa7 Rxc4 36. Rb7 Rb4 37. Kh3 Ke6 38. f4 Rb1 39. Kg4
Rb3 40. Rc7 b5 41. Rc6+ Kd7 42. Rf6 Ke7 43. Rb6 b4 44. f5 f6 45. Re6+ Kf7 46.
Rb6 Ke7 47. Kh4 Rf3 48. Rb7+ Kd6 49. Kg4 Rb3 50. Rf7 Ke5 51. Re7+ Kd5 52. Re6
Rc3 53. Rxf6 Rc6 54. Rf8 Rb6 55. Rd8+ Ke5 56. Kg5 b3 57. Re8+ Kd5 58. Re1 b2
59. Rb1 Kd6 60. f6 Ke6 61. Kg6 Ke5 62. Kg5 Ke6 63. Kg6 Ke5 64. Kg7 Rxf6 65.
Rxb2 Ra6 66. Rb5+ Ke6 67. g4 Ra7+ 68. Kg6 Ke7 69. g5 Kf8 70. Rb8+ Ke7 71. Kh6
Ra1 72. Kg7 Ra7 73. g6 Ke6+ 74. Kh8 Ra1 75. g7 Rh1+ 76. Kg8 Ke7 77. Rb2 Ke8 78.
Re2+ Kd7 79. Re5 Kd6 80. Re4 1-0

[Event "59th ch-RUS w"]
[Site "Moscow RUS"]
[Date "2009.12.28"]
[Round "8"]
[White "Manakova, M."]
[Black "Gunina, V."]
[Result "0-1"]
[WhiteElo "2344"]
[BlackElo "2446"]
[PlyCount "159"]
[EventDate "2009.12.20"]

1. e4 c6 2. d4 d5 3. e5 Bf5 4. h4 h6 5. Nc3 e6 6. g4 Bh7 7. Bd3 Bxd3 8. Qxd3
Ne7 9. h5 c5 10. Qb5+ Nd7 11. dxc5 a6 12. Qe2 Nc6 13. Nf3 Bxc5 14. Bd2 Qc7 15.
O-O-O Ncxe5 16. Nxd5 exd5 17. Nxe5 Nxe5 18. f4 O-O-O 19. fxe5 Rhe8 20. Qf3 Bd4
21. Qf5+ Kb8 22. Rhf1 Rc8 23. c3 Bxe5 24. Qxf7 Qc4 25. Bf4 Ka8 26. Bxe5 Rxe5
27. Qf4 Re4 28. Qf5 Rd8 29. Rg1 Re2 30. Qd3 Qf4+ 31. Rd2 Re3 32. Qd4 Re4 33.
Qf2 Qd6 34. Qg3 Qe6 35. g5 d4 36. gxh6 gxh6 37. Qd3 Re3 38. Rg6 Re1+ 39. Rd1
Rxd1+ 40. Kxd1 Qxa2 41. Kc2 Qa4+ 42. Kb1 Re8 43. Rg1 dxc3 44. Qxc3 Qe4+ 45. Ka1
Qf5 46. Rg6 Rc8 47. Qd2 Qf1+ 48. Ka2 Qc4+ 49. Kb1 Rf8 50. Rg1 Qc5 51. Qh2 Qf5+
52. Ka1 Rc8 53. Rd1 Qg4 54. Re1 Qb4 55. Rg1 Qa5+ 56. Kb1 Qf5+ 57. Ka1 Ka7 58.
Qe2 Qc5 59. Rf1 Qb6 60. Kb1 Rc5 61. Rf8 Rg5 62. Rf1 Qc5 63. Rc1 Qf5+ 64. Ka1
Qa5+ 65. Kb1 Rxh5 66. Rf1 Qe5 67. Qf2+ Qc5 68. Qd2 Rg5 69. Rc1 Qf5+ 70. Rc2
Rg1+ 71. Ka2 Qe6+ 72. b3 Qb6 73. Qc3 h5 74. Qe5 a5 75. Rc5 Rg2+ 76. Ka1 Ka6 77.
Qf5 Rg1+ 78. Ka2 a4 79. bxa4 Rg2+ 80. Rc2 0-1